La Televisión y la revolución de las comunicaciones /
La importancia adquirida en los últimos 30 años por la televisión en la vida norteamericana, ha ejercido un profundo efecto sobre la vida social, política y cultural de este país. Más que cualquier otro medio de comunicación, éste proporciona la sensación de que lo que se está viendo es la realidad,...
Guardado en:
| Autor principal: | |
|---|---|
| Otros Autores: | |
| Formato: | Texto |
| Materias: | |
| Etiquetas: |
Agregar Etiqueta
Sin Etiquetas, Sea el primero en etiquetar este registro!
|
MARC
| LEADER | 00000 a a2200000 04500 | ||
|---|---|---|---|
| 001 | 8051 | ||
| 003 | |||
| 040 | |||
| 100 | |a Rothman, Stanley | ||
| 245 | |a La Televisión y la revolución de las comunicaciones / |c Stanley Rothman | ||
| 520 | |a La importancia adquirida en los últimos 30 años por la televisión en la vida norteamericana, ha ejercido un profundo efecto sobre la vida social, política y cultural de este país. Más que cualquier otro medio de comunicación, éste proporciona la sensación de que lo que se está viendo es la realidad, mediante documentales, historia y otros. Se concluye en que la televisión ha contribuido a la movilidad laboral y geográfica de los Estados Unidos, llegando incluso a homogenizar y nacionalizar la cultura norteamericana. OB/MR | ||
| 650 | |a MEDIOS DE COMUNICACION DE MASAS | ||
| 650 | |a TELEVISION | ||
| 650 | |a CAMBIO TECNOLOGICO | ||
| 650 | |a CULTURA | ||
| 650 | |a PROBLEMAS SOCIALES | ||
| 700 | |a Lerner, Robert | ||
| 773 | |g número 85; páginas 50-56 | ||
| 999 | |c 24543 |d 24543 | ||
| 773 | 0 | |0 43111 |9 4571 |a USA. |d Washington D.C: USA. Servicio Informativo Cultural, 1968- |o MFN: 0456 |t Facetas / | |
